000 00275nam a22001217a 4500
008 180313b xxu||||| |||| 00| 0 eng d
041 _aeng
080 _210th
_a579
100 _a11
101 _aMBI
245 _aMicrobiology an introduction
_cTortora,G.J
942 _2udc
_cBK
999 _c44826
_d44826